000 01635nam0a2200349 4500
001 RU\NLR\bibl\1701399
005 20260419042317.0
010 _a978-5-7422-2722-9
_950
021 _aRU
_b2010-79655
_95309
035 _a(nilc)RSL-KNO-004751026
035 _a(NLR Aleph) 001692475
090 _a1169485
_c1169485
100 _a20101018d2010 |||y0rusy50 ca
101 0 _arus
102 _aRU
105 _ay |||||||||
200 1 _aМаркетинг образовательных услуг
_eмаркетинг международных образовательных услуг
_eбиблиография
_eучебное пособие
_fМ.Ю. Абабкова, Е.В. Шевченко
_gФедер. агентство по образованию, С.-Петерб. гос. политехн. ун-т
210 _aСанкт-Петербург
_cИзд-во Политехнического университета
_d2010
215 _a30 с.
_d20
606 _aОбразование
_xМаркетинг
_jБиблиография
_3RU\NLR\auth\661397386
_92337435
686 _aЧ34(0)8я1
_2rubbk
686 _aЧ34(0)к.я1
686 _aЧ34(0)8я1
700 1 _aАбабкова
_bМ. Ю.
_gМарианна Юрьевна
_4070
701 1 _4070
_8rus
_7ca
_aШевченко
_bЕ. В.
_cканд. техн. наук, упр. образованием
_f1945-
_gЕвгений Васильевич
_3RU\NLR\auth\7768446
_951374
801 0 _aRU
_bРГБ
_c20101018
_grcr
801 1 _aRU
_bРГБ
_c20101018
801 2 _aRU
_bNLR
_c20101118
_grcr
830 _aавт. по кн.
942 _cBOOK
980 _aNB